MARC details
| 000 -LEADER |
| fixed length control field |
01927cam a22003498a 4500 |
| 001 - CONTROL NUMBER |
| control field |
zaspen b689114 |
| 003 - CONTROL NUMBER IDENTIFIER |
| control field |
CPomAG |
| 005 - DATE AND TIME OF LATEST TRANSACTION |
| control field |
20240626172027.0 |
| 008 - FIXED-LENGTH DATA ELEMENTS--GENERAL INFORMATION |
| fixed length control field |
061107s2007 nyu 000 1 eng |
| 010 ## - LIBRARY OF CONGRESS CONTROL NUMBER |
| LC control number |
2006037335 |
| 020 ## - INTERNATIONAL STANDARD BOOK NUMBER |
| International Standard Book Number |
1602850178 |
| 020 ## - INTERNATIONAL STANDARD BOOK NUMBER |
| International Standard Book Number |
9780399154072 |
| 020 ## - INTERNATIONAL STANDARD BOOK NUMBER |
| International Standard Book Number |
9781602850170 |
| 035 ## - SYSTEM CONTROL NUMBER |
| System control number |
52953 |
| 040 ## - CATALOGING SOURCE |
| Original cataloging agency |
lpl |
| Transcribing agency |
CoLam |
| Modifying agency |
dr |
| -- |
CoLam |
| 043 ## - GEOGRAPHIC AREA CODE |
| Geographic area code |
n-us-id |
| 050 00 - LIBRARY OF CONGRESS CALL NUMBER |
| Classification number |
PS3566.E234 |
| Item number |
K56 2007 |
| 082 00 - DEWEY DECIMAL CLASSIFICATION NUMBER |
| Classification number |
813/.54 |
| Edition number |
22 |
| 100 1# - MAIN ENTRY--PERSONAL NAME |
| Personal name |
Pearson, Ridley. |
| 245 10 - TITLE STATEMENT |
| Title |
Killer weekend / |
| Statement of responsibility, etc. |
Ridley Pearson. |
| 260 ## - PUBLICATION, DISTRIBUTION, ETC. (IMPRINT) |
| Place of publication, distribution, etc. |
New York : |
| Name of publisher, distributor, etc. |
G.P. Putnam's Sons, |
| Date of publication, distribution, etc. |
c2007. |
| 300 ## - PHYSICAL DESCRIPTION |
| Extent |
314 p. ; |
| Other physical details |
23 cm. |
| 490 ## - SERIES STATEMENT |
| Series statement |
Walt Fleming |
| Volume/sequential designation |
book 1. |
| 520 ## - SUMMARY, ETC. |
| Summary, etc. |
Bestseller Pearson's workmanlike thriller, the first in a new series, has all the right ingredients: a down-to-earth hero, sheriff Walt Fleming; a neatly focused venue in the form of a weekend business conference at an Idaho resort; and a sense of impending danger in the form of a threat on the life of Elizabeth Shaler, the New York State attorney general, who's about to announce her candidacy for U.S. president. Shaler knows what it's like to be a victim. Eight years before the killer weekend of the title, she was attacked in her Sun Valley, Idaho, vacation home and saved by Fleming, then a patrolman. Fleming takes the present threat very seriously, but Shaler's handlers and the event's organizer, billionaire Patrick Cutter, won't cancel her speech. Fleming doggedly struggles to identify the assassin, who cleverly overcomes massive security to infiltrate the event, but the motive for the threat is never satisfactorily explained. |
| 650 #0 - SUBJECT ADDED ENTRY--TOPICAL TERM |
| Topical term or geographic name as entry element |
Sheriffs |
| Form subdivision |
Fiction. |
| 650 #0 - SUBJECT ADDED ENTRY--TOPICAL TERM |
| Topical term or geographic name as entry element |
Assassins |
| Form subdivision |
Fiction. |
| 650 #0 - SUBJECT ADDED ENTRY--TOPICAL TERM |
| Topical term or geographic name as entry element |
Women presidential candidates |
| General subdivision |
Assassination attempts |
| Form subdivision |
Fiction. |
| 651 #0 - SUBJECT ADDED ENTRY--GEOGRAPHIC NAME |
| Geographic name |
Sun Valley (Idaho) |
| Form subdivision |
Fiction. |
| 655 #7 - INDEX TERM--GENRE/FORM |
| Genre/form data or focus term |
Suspense fiction. |
| Source of term |
gsafd. |
| 800 ## - SERIES ADDED ENTRY--PERSONAL NAME |
| Personal name |
Ridley Pearson |
| Title of a work |
Walt Fleming |
| Volume/sequential designation |
#1. |
| 942 ## - ADDED ENTRY ELEMENTS (KOHA) |
| Koha item type |
Libro/Book |